| 000 | 01099cam a22003375a 4500 | ||
|---|---|---|---|
| 001 | 2436462 | ||
| 005 | 20150813104258.0 | ||
| 008 | 880314s1997 njua |rb 001 0 eng | ||
| 010 | _a88009801 | ||
| 020 | _a0136291554 | ||
| 020 | _a9780136291558 | ||
| 040 |
_aDLC _beng _cDLC _dDLC _dEG-ScBUE |
||
| 050 | 0 | 0 |
_aQA76.6 _b.M4845 1988 |
| 082 | 0 | 4 |
_a005.1 _bMEY _222 |
| 100 | 1 |
_aMeyer, Bertrand, _d1950- _921147 |
|
| 245 | 1 | 0 |
_aObject-oriented software construction / _cBertrand meyer. |
| 250 | _a2nd ed. | ||
| 260 |
_aUpper Saddle River, New Jersey : _bPrentice-Hall, _cc.1997. |
||
| 300 |
_axxvii, 1254 p. : _bill. ; _c25 cm. |
||
| 490 | _aPrentice-Hall international series in computer science | ||
| 500 | _aGlossary : p. 1193-1202. | ||
| 500 | _aIndex : p. 1225-1254. | ||
| 504 | _aBibliography : p. 1203-1224. | ||
| 590 | _adoaa mohamed | ||
| 650 | 0 |
_aObject-oriented programming (Computer science) _921149 _2BUEsh |
|
| 650 | 0 |
_aComputer software _xDevelopment. _921150 _2BUEsh |
|
| 651 | _2BUEsh | ||
| 653 |
_bCOMSCI _cAugust2015 |
||
| 655 |
_vreading book _934232 |
||
| 942 |
_2ddc _cBB |
||
| 999 |
_c14834 _d14834 |
||